[Event "2. Bundesliga Ost 2014/2015"]
[Site "1020 Wien, Haus des Schachsports, Marathonweg 14"]
[Date "2014.10.19"]
[Round "2"]
[Board "3"]
[White "Blatny, Pavel"]
[Black "Petran, Peter"]
[Result "0-1"]
[WhiteElo "2414"]
[BlackElo "2330"]
[PlyCount "122"]
[EventDate "2014.10.18"]
[EventType "team"]
[EventRounds "11"]
[EventCountry "AUT"]
[WhiteTeam "Zwettl"]
[BlackTeam "ASVOE Mattersburg"]

1. d4 g6 2. g3 Bg7 3. Bg2 c5 4. dxc5 Na6 5. c3 Nxc5 6. Be3 d6 7. Nd2 Nf6 8. Nb3
Qc7 9. Nxc5 dxc5 10. h3 O-O 11. Qc1 Bd7 12. Nf3 Bc6 13. Bh6 e5 14. O-O Rfe8 15.
Bxg7 Kxg7 16. Nh4 h6 17. g4 Nh7 18. Bxc6 Qxc6 19. Qe3 Ng5 20. Rad1 b6 21. Ng2
f5 22. gxf5 gxf5 23. h4 f4 24. Qd3 Nf7 25. Qh3 Qe6 26. Qxe6 Rxe6 27. Rd7 Rd6
28. Rxd6 Nxd6 29. Rd1 Nf5 30. Kh2 Kf6 31. Kh3 Ke6 32. h5 Rg8 33. Nh4 Nxh4 34.
Kxh4 Rg2 35. Rf1 Kf5 36. Kh3 Rg5 37. Kh4 e4 38. Rd1 Rg2 39. Rd5+ Ke6 40. Rd8
Rxf2 41. Kg4 e3 42. Rh8 Kd5 43. b3 b5 44. Rd8+ Ke5 45. Re8+ Kf6 46. Rf8+ Ke6
47. Rh8 Rxe2 48. Kxf4 Rxa2 49. Kxe3 Ra3 50. Ke4 Rxb3 51. Rxh6+ Kf7 52. Rh7+ Kg8
53. Rxa7 Rxc3 54. Kf5 b4 55. h6 c4 56. h7+ Kh8 57. Kg6 Ra3 58. Rb7 Ra6+ 59. Kf5
b3 60. Ke5 Rc6 61. Kf5 Rc8 0-1

[Event "2. Bundesliga Ost 2014/2015"]
[Site "1020 Wien, Haus des Schachsports, Marathonweg 14"]
[Date "2014.10.19"]
[Round "2"]
[Board "4"]
[White "Brod, Manfred"]
[Black "Buchnicek, Petr"]
[Result "1/2-1/2"]
[WhiteElo "2266"]
[BlackElo "2316"]
[PlyCount "81"]
[EventDate "2014.10.18"]
[EventType "team"]
[EventRounds "11"]
[EventCountry "AUT"]
[WhiteTeam "ASVOE Mattersburg"]
[BlackTeam "Zwettl"]

1. e4 c6 2. d4 d5 3. Nc3 dxe4 4. Nxe4 Bf5 5. Ng3 Bg6 6. h4 h6 7. Nf3 Nd7 8. h5
Bh7 9. Bd3 Bxd3 10. Qxd3 Qc7 11. Bd2 e6 12. O-O-O Ngf6 13. Ne4 O-O-O 14. g3 Nc5
15. Nxc5 Bxc5 16. c4 Bd6 17. Qe2 c5 18. Bc3 Rhe8 19. Kb1 Qc6 20. Rhe1 Re7 21.
Rc1 b6 22. a3 Nxh5 23. b4 cxb4 24. axb4 Nf6 25. b5 Qa8 26. c5 Bc7 27. cxb6 axb6
28. Bb4 Red7 29. Ne5 Qa4 30. Qc4 Nd5 31. Nxd7 Rxd7 32. Bd2 Qxc4 33. Rxc4 Kb7
34. Kc2 Rd8 35. Ra1 Bd6 36. Rca4 Bb8 37. Kd3 Nc7 38. Rb1 Nd5 39. Rba1 Nc7 40.
Rb1 Nd5 41. Rba1 1/2-1/2

[Event "2. Bundesliga Ost 2014/2015"]
[Site "1020 Wien, Haus des Schachsports, Marathonweg 14"]
[Date "2014.10.19"]
[Round "2"]
[Board "5"]
[White "Lipp, Alfred"]
[Black "Wiedner, Robert"]
[Result "0-1"]
[WhiteElo "2118"]
[BlackElo "2183"]
[PlyCount "108"]
[EventDate "2014.10.18"]
[EventType "team"]
[EventRounds "11"]
[EventCountry "AUT"]
[WhiteTeam "Zwettl"]
[BlackTeam "ASVOE Mattersburg"]

1. d4 Nf6 2. c4 e6 3. Nc3 Bb4 4. e3 O-O 5. Bd3 d5 6. Nf3 Re8 7. O-O Nbd7 8. Qb3
Bxc3 9. bxc3 b6 10. a4 Ba6 11. a5 Qc8 12. Bb2 c5 13. Rfc1 b5 14. cxb5 c4 15.
Qa4 Bxb5 16. Qxb5 Rb8 17. Qa4 Rxb2 18. Rab1 Rxb1 19. Bxb1 Qc7 20. Bc2 Rb8 21.
Rb1 Rxb1+ 22. Bxb1 Qb7 23. Qb4 Qxb4 24. cxb4 Kf8 25. Kf1 Ke7 26. Ke1 Ne8 27.
Bc2 Nc7 28. Kd2 Nb8 29. Ba4 a6 30. Ne1 Kd6 31. Nc2 Nc6 32. Kc3 f6 33. Na3 h6
34. e4 Na7 35. f4 Ke7 36. f5 dxe4 37. Kxc4 e3 38. fxe6 Kxe6 39. Kc5 Nab5 40.
d5+ Nxd5 41. Bxb5 axb5 42. Nxb5 Kd7 43. Nd4 Nf4 44. Kb6 Kc8 45. Ka7 e2 46. Nc2
Nxg2 47. b5 Ne3 48. Ne1 Nc4 49. Ka6 Kb8 50. b6 Nd6 51. Nd3 f5 52. b7 Nxb7 53.
Kb6 f4 54. a6 Nd6 0-1

[Event "2. Bundesliga Ost 2014/2015"]
[Site "1020 Wien, Haus des Schachsports, Marathonweg 14"]
[Date "2014.10.19"]
[Round "2"]
[Board "6"]
[White "Salamon, Werner"]
[Black "Allram, Sebastian"]
[Result "1/2-1/2"]
[WhiteElo "2116"]
[BlackElo "2004"]
[PlyCount "98"]
[EventDate "2014.10.18"]
[EventType "team"]
[EventRounds "11"]
[EventCountry "AUT"]
[WhiteTeam "ASVOE Mattersburg"]
[BlackTeam "Zwettl"]

1. e4 c6 2. c4 d5 3. exd5 cxd5 4. cxd5 Nf6 5. Nc3 Nxd5 6. d4 e6 7. Nf3 a6 8.
Bd3 Nc6 9. O-O Be7 10. Ne4 O-O 11. Bg5 Bxg5 12. Nexg5 h6 13. Ne4 Bd7 14. Rc1
Nce7 15. Bb1 Bc6 16. Ne5 Qb6 17. Nc4 Qc7 18. Re1 Rfd8 19. Ne5 Qb6 20. Nc4 Qc7
21. Qh5 Qf4 22. g3 Qf5 23. Qe2 Nf6 24. Nxf6+ Qxf6 25. Ne5 Rxd4 26. Nxc6 Nxc6
27. Be4 Rad8 28. Bxc6 Rd2 29. Qf3 bxc6 30. Qxf6 gxf6 31. Rxc6 Rxb2 32. Rxa6
Rdd2 33. Ra8+ Kg7 34. Rf1 Rxa2 35. Rxa2 Rxa2 36. Kg2 Kg6 37. Rb1 e5 38. g4 f5
39. gxf5+ Kxf5 40. Rb7 f6 41. Rb3 e4 42. Kg3 Rd2 43. Rb5+ Kg6 44. h4 f5 45.
Rb6+ Kh5 46. Rf6 Rd3+ 47. Kg2 Rf3 48. Kg1 Rf4 49. Kg2 Rg4+ 1/2-1/2

[Event "2. Bundesliga Ost 2014/2015"]
[Site "1020 Wien, Haus des Schachsports, Marathonweg 14"]
[Date "2014.10.19"]
[Round "2"]
[Board "1"]
[White "Zilka, Stepan"]
[Black "Stanec, Nikolaus"]
[Result "1-0"]
[WhiteElo "2521"]
[BlackElo "2492"]
[PlyCount "61"]
[EventDate "2014.10.18"]
[EventType "team"]
[EventRounds "11"]
[EventCountry "AUT"]
[WhiteTeam "Blackburne Nickelsdorf"]
[BlackTeam "SC Donaustadt"]

1. d4 Nf6 2. c4 g6 3. Nc3 Bg7 4. e4 d6 5. Nf3 O-O 6. Be2 c5 7. d5 Bg4 8. h3
Bxf3 9. Bxf3 a6 10. O-O Nbd7 11. Qc2 Ne8 12. Be2 Nc7 13. Bg5 Re8 14. f4 Qb8 15.
a4 e6 16. Kh1 exd5 17. cxd5 Ra7 18. Bg4 Nf6 19. Bxf6 Bxf6 20. e5 Bg7 21. exd6
Na8 22. d7 Rd8 23. f5 Nb6 24. fxg6 fxg6 25. Qe4 Kh8 26. Rf7 Qe5 27. Qxe5 Bxe5
28. Re1 Nc4 29. Rf4 b5 30. Rxc4 bxc4 31. Rxe5 1-0

[Event "2. Bundesliga Ost 2014/2015"]
[Site "1020 Wien, Haus des Schachsports, Marathonweg 14"]
[Date "2014.10.19"]
[Round "2"]
[Board "3"]
[White "Lendwai, Reinhard"]
[Black "Kummer, Helmut"]
[Result "0-1"]
[WhiteElo "2347"]
[BlackElo "2354"]
[PlyCount "70"]
[EventDate "2014.10.18"]
[EventType "team"]
[EventRounds "11"]
[EventCountry "AUT"]
[WhiteTeam "Blackburne Nickelsdorf"]
[BlackTeam "SC Donaustadt"]

1. c4 e5 2. Nc3 Nf6 3. g3 d5 4. cxd5 Nxd5 5. Bg2 Nb6 6. Nf3 Nc6 7. O-O Be7 8.
d3 O-O 9. a3 Be6 10. b4 a5 11. b5 Nd4 12. Nd2 Qc8 13. e3 Nf5 14. Qc2 Rd8 15.
Bb2 Rb8 16. Nce4 f6 17. Rfc1 Bf8 18. Nf3 Nd6 19. Nxd6 Bxd6 20. d4 exd4 21. Nxd4
Bf7 22. Be4 g6 23. h4 Qd7 24. h5 Qe8 25. hxg6 hxg6 26. Nf3 Nd7 27. Kg2 Nc5 28.
Nd2 Nxe4 29. Nxe4 Bd5 30. f3 Bxe4 31. Qc4+ Qf7 32. Qxe4 Be5 33. Bxe5 Rd2+ 34.
Kg1 fxe5 35. Qc4 Rd1+ 0-1

[Event "2. Bundesliga Ost 2014/2015"]
[Site "1020 Wien, Haus des Schachsports, Marathonweg 14"]
[Date "2014.10.19"]
[Round "2"]
[Board "4"]
[White "Karlusch, Albrecht"]
[Black "Pinter, Erik"]
[Result "0-1"]
[WhiteElo "2129"]
[BlackElo "2354"]
[PlyCount "46"]
[EventDate "2014.10.18"]
[EventType "team"]
[EventRounds "11"]
[EventCountry "AUT"]
[WhiteTeam "SC Donaustadt"]
[BlackTeam "Blackburne Nickelsdorf"]

1. e4 c5 2. Nf3 d6 3. d4 cxd4 4. Nxd4 Nf6 5. Nc3 Nc6 6. Be2 e5 7. Nf3 h6 8. O-O
Be6 9. b3 Be7 10. Bb2 O-O 11. Nd2 Nd4 12. Nb5 Nxe2+ 13. Qxe2 a6 14. Na3 d5 15.
exd5 Nxd5 16. Nac4 f6 17. Rfd1 Qc7 18. Rac1 Rfd8 19. g3 b5 20. Ne3 Nxe3 21.
Qxe3 Bg4 22. Nf3 Rxd1+ 23. Rxd1 Qb7 0-1

[Event "2. Bundesliga Ost 2014/2015"]
[Site "1020 Wien, Haus des Schachsports, Marathonweg 14"]
[Date "2014.10.19"]
[Round "2"]
[Board "6"]
[White "Schwab, Lukas"]
[Black "Steinert, Martin"]
[Result "1-0"]
[WhiteElo "1876"]
[BlackElo "2074"]
[PlyCount "79"]
[EventDate "2014.10.18"]
[EventType "team"]
[EventRounds "11"]
[EventCountry "AUT"]
[WhiteTeam "SC Donaustadt"]
[BlackTeam "Blackburne Nickelsdorf"]

1. e4 g6 2. d4 c5 3. Nf3 Bg7 4. c3 Qb6 5. dxc5 Qxc5 6. Be3 Qc7 7. Nbd2 Nf6 8.
h3 O-O 9. Bd3 b6 10. O-O Bb7 11. Qc2 Na6 12. Nb3 Nc5 13. Nxc5 bxc5 14. Nd2 d5
15. exd5 Nxd5 16. Bg5 Rad8 17. Rfe1 Rd7 18. Bb5 Rdd8 19. Rad1 a6 20. Bc4 Rd7
21. Nf3 e6 22. Bh4 Qc6 23. Bg3 Rfd8 24. Be5 f6 25. Bg3 Kh8 26. Bb3 Re7 27. c4
Rf7 28. cxd5 exd5 29. Ba4 Qc8 30. Qe2 Rdf8 31. Bd6 Rd8 32. Be8 Rxd6 33. Bxf7
Rd8 34. Qe6 d4 35. Qxc8 Rxc8 36. Re8+ Rxe8 37. Bxe8 Kg8 38. b4 Kf8 39. Ba4 Bxf3
40. gxf3 1-0

[Event "2. Bundesliga Ost 2014/2015"]
[Site "1020 Wien, Haus des Schachsports, Marathonweg 14"]
[Date "2014.10.19"]
[Round "2"]
[Board "1"]
[White "Loeffler, Stefan"]
[Black "Tuncer, Ufuk"]
[Result "0-1"]
[WhiteElo "2387"]
[BlackElo "2322"]
[PlyCount "80"]
[EventDate "2014.10.18"]
[EventType "team"]
[EventRounds "11"]
[EventCountry "AUT"]
[WhiteTeam "ASVOE VHS Poechlarn"]
[BlackTeam "SK Advisory Invest Baden"]

1. Nf3 Nf6 2. c4 g6 3. Nc3 Bg7 4. e4 d6 5. d4 O-O 6. Be2 e5 7. Bg5 Nbd7 8. d5
a5 9. Nd2 Nc5 10. g4 c6 11. Rg1 a4 12. b4 axb3 13. axb3 Bd7 14. b4 Na6 15. dxc6
bxc6 16. Rb1 Nc7 17. Nb3 Ne6 18. Be3 Qe7 19. g5 Nh5 20. c5 dxc5 21. Bxc5 Nxc5
22. Nxc5 Rfd8 23. Bxh5 Be6 24. Qe2 gxh5 25. Qxh5 Rd4 26. Rg3 Bc8 27. Nd1 Rb8
28. Rgb3 Bf8 29. Ne3 Qc7 30. Qf3 Rbxb4 31. Rxb4 Qa5 32. Ke2 Rxb4 33. Rxb4 Qxb4
34. Nd3 Ba6 35. Ng4 Qb2+ 36. Kf1 Qb1+ 37. Kg2 Qxd3 38. Nf6+ Kh8 39. Qf5 Qf1+
40. Kf3 Be2+ 0-1

[Event "2. Bundesliga Ost 2014/2015"]
[Site "1020 Wien, Haus des Schachsports, Marathonweg 14"]
[Date "2014.10.19"]
[Round "2"]
[Board "2"]
[White "Sharashenidze, Akaki"]
[Black "Weinzettl, Ernst"]
[Result "0-1"]
[WhiteElo "2304"]
[BlackElo "2297"]
[PlyCount "130"]
[EventDate "2014.10.18"]
[EventType "team"]
[EventRounds "11"]
[EventCountry "AUT"]
[WhiteTeam "SK Advisory Invest Baden"]
[BlackTeam "ASVOE VHS Poechlarn"]

1. e4 e6 2. d4 d5 3. Nd2 Nf6 4. e5 Nfd7 5. f4 c5 6. c3 Nc6 7. Ndf3 cxd4 8. cxd4
Qb6 9. g3 f6 10. a3 a5 11. Ne2 Be7 12. Bh3 O-O 13. exf6 Nxf6 14. O-O Ne4 15.
Kg2 Bd7 16. Nc3 Rad8 17. Qd3 Kh8 18. Rb1 Bf6 19. Be3 Ne7 20. Ne5 Bxe5 21. fxe5
Rxf1 22. Qxf1 Ng6 23. Qd3 Rc8 24. Nxd5 Qc6 25. Qxe4 exd5 26. Bxd7 Qxd7 27. Qd3
Qg4 28. Rf1 h5 29. Kh1 Rf8 30. Rxf8+ Nxf8 31. Kg2 h4 32. Qf1 h3+ 33. Kf2 Ne6
34. Qd3 a4 35. Ke1 Qf3 36. Kd2 Qf7 37. Qb5 Nd8 38. Qxa4 Nc6 39. Qb5 Qf3 40. Qe2
Qe4 41. Kc3 Kg8 42. b4 Nxd4 43. Qf2 Nb5+ 44. Kd2 Nxa3 45. Bd4 Nb5 46. Bb2 Qxb4+
47. Kc1 Qc4+ 48. Kb1 Qe4+ 49. Ka1 d4 50. Qf1 Qxe5 51. Qxh3 Qe1+ 52. Ka2 Nc3+
53. Kb3 Qd1+ 54. Kc4 b5+ 55. Kb4 Qa4+ 56. Kc5 Qc4+ 57. Kd6 Ne4+ 58. Ke5 Nf6 59.
Qg2 Qc5+ 60. Ke6 Qb6+ 61. Ke7 Qc7+ 62. Ke6 Qd7+ 63. Ke5 d3 64. Bc3 Qc7+ 65. Kd4
Qc4+ 0-1

[Event "2. Bundesliga Ost 2014/2015"]
[Site "1020 Wien, Haus des Schachsports, Marathonweg 14"]
[Date "2014.10.19"]
[Round "2"]
[Board "4"]
[White "Rudolf, Herbert"]
[Black "Wilke, Werner"]
[Result "0-1"]
[WhiteElo "2144"]
[BlackElo "2225"]
[PlyCount "40"]
[EventDate "2014.10.18"]
[EventType "team"]
[EventRounds "11"]
[EventCountry "AUT"]
[WhiteTeam "SK Advisory Invest Baden"]
[BlackTeam "ASVOE VHS Poechlarn"]

1. e4 c5 2. Nc3 e6 3. Nge2 d5 4. exd5 exd5 5. d4 Nf6 6. g3 Bg4 7. Bg2 cxd4 8.
Qxd4 Nc6 9. Qa4 Qd7 10. Bg5 b5 11. Qxb5 Rb8 12. Qd3 Nb4 13. Qd2 d4 14. Bxf6
gxf6 15. Ne4 Be7 16. f3 d3 17. fxg4 Nxc2+ 18. Kf2 Nxa1 19. N2c3 Qd4+ 20. Qe3
Rxb2+ 0-1

[Event "2. Bundesliga Ost 2014/2015"]
[Site "1020 Wien, Haus des Schachsports, Marathonweg 14"]
[Date "2014.10.19"]
[Round "2"]
[Board "5"]
[White "Loidl, Florian"]
[Black "Juenger, Heinz"]
[Result "1-0"]
[WhiteElo "2208"]
[BlackElo "2110"]
[PlyCount "105"]
[EventDate "2014.10.18"]
[EventType "team"]
[EventRounds "11"]
[EventCountry "AUT"]
[WhiteTeam "ASVOE VHS Poechlarn"]
[BlackTeam "SK Advisory Invest Baden"]

1. c4 Nf6 2. g3 g6 3. Bg2 d5 4. cxd5 Nxd5 5. Nc3 Nb6 6. d4 Bg7 7. Nf3 Nc6 8. e3
O-O 9. O-O Re8 10. Re1 a5 11. Na4 Nxa4 12. Qxa4 e5 13. d5 Qxd5 14. Nd4 e4 15.
Nb5 Qe5 16. Bd2 Qe7 17. Rab1 Bf5 18. Rec1 Rad8 19. Be1 Rd7 20. Kh1 Qe6 21. Rc4
Bh3 22. Nc3 Bxg2+ 23. Kxg2 f5 24. Nb5 Qf7 25. Qc2 g5 26. Rc5 Bf8 27. Rxc6 bxc6
28. Qxc6 f4 29. exf4 gxf4 30. Bxa5 fxg3 31. hxg3 Qf3+ 32. Kg1 Rf7 33. Rf1 Re5
34. Nd4 Qg4 35. Bxc7 Rh5 36. Qe6 Qg7 37. Bf4 Kh8 38. Qxe4 Ra5 39. Nc6 Raf5 40.
Be5 Rxe5 41. Qxe5 Rc7 42. Qxg7+ Bxg7 43. Re1 Bxb2 44. Re8+ Kg7 45. Re7+ Rxe7
46. Nxe7 Kf7 47. Nd5 Ke6 48. Nf4+ Kd6 49. Kf1 Bc3 50. Ke2 Kc5 51. Kd3 Be1 52.
Ke4 Bc3 53. g4 1-0

[Event "2. Bundesliga Ost 2014/2015"]
[Site "1020 Wien, Haus des Schachsports, Marathonweg 14"]
[Date "2014.10.19"]
[Round "2"]
[Board "6"]
[White "Herndlbauer, Martin"]
[Black "Gratze, Michael"]
[Result "0-1"]
[WhiteElo "2110"]
[BlackElo "2017"]
[PlyCount "64"]
[EventDate "2014.10.18"]
[EventType "team"]
[EventRounds "11"]
[EventCountry "AUT"]
[WhiteTeam "SK Advisory Invest Baden"]
[BlackTeam "ASVOE VHS Poechlarn"]

1. d4 Nf6 2. c4 g6 3. f3 Bg7 4. e4 d6 5. Nc3 O-O 6. Bg5 h6 7. Be3 c5 8. d5 Na6
9. Qd2 h5 10. Bd3 Nc7 11. Nge2 a6 12. O-O Bd7 13. a4 h4 14. Kh1 Nh7 15. f4 h3
16. g3 Nf6 17. Bg1 e6 18. e5 dxe5 19. Bxc5 exd5 20. Bxf8 Bxf8 21. fxe5 dxc4 22.
Be4 Nxe4 23. Nxe4 Bc6 24. Qf4 f5 25. exf6 Ne6 26. Qg4 Ng5 27. N2c3 Qd2 28. f7+
Kg7 29. Rg1 Qxc3 30. bxc3 Nxe4 31. Qxg6+ Kxg6 32. Rge1 Nxg3+ 0-1

[Event "2. Bundesliga Ost 2014/2015"]
[Site "1020 Wien, Haus des Schachsports, Marathonweg 14"]
[Date "2014.10.19"]
[Round "2"]
[Board "1"]
[White "Michalik, Peter"]
[Black "Pacher, Milan"]
[Result "1-0"]
[WhiteElo "2570"]
[BlackElo "2431"]
[PlyCount "58"]
[EventDate "2014.10.18"]
[EventType "team"]
[EventRounds "11"]
[EventCountry "AUT"]
[WhiteTeam "ASVOE Pamhagen"]
[BlackTeam "SK Austria"]

1. e4 e5 2. Nf3 Nf6 3. d4 Nxe4 4. Nxe5 d5 5. Bd3 Nd7 6. Nxd7 Bxd7 7. O-O Qh4 8.
Nc3 O-O-O 9. Nxd5 Bd6 10. g3 Nxg3 11. fxg3 Qxd4+ 12. Ne3 Rhe8 13. Bf5 Qb6 14.
Kh1 Bc5 15. Nd5 Qa6 16. Qf3 Qe2 17. Qxe2 Rxe2 18. Nc3 Bxf5 19. Rxf5 Re1+ 20.
Kg2 Rg1+ 21. Kh3 Be3 22. Bxe3 Rxa1 23. Rxf7 Rd7 24. Rf8+ Rd8 25. Rxd8+ Kxd8 26.
Bd4 g6 27. Be3 Kd7 28. Kg2 Ke6 29. a4 a6 {Unleserlich.} 1-0

[Event "2. Bundesliga Ost 2014/2015"]
[Site "1020 Wien, Haus des Schachsports, Marathonweg 14"]
[Date "2014.10.19"]
[Round "2"]
[Board "3"]
[White "Vitouch, Anatol"]
[Black "Plachetka, Jan"]
[Result "1/2-1/2"]
[WhiteElo "2314"]
[BlackElo "2363"]
[PlyCount "58"]
[EventDate "2014.10.18"]
[EventType "team"]
[EventRounds "11"]
[EventCountry "AUT"]
[WhiteTeam "ASVOE Pamhagen"]
[BlackTeam "SK Austria"]

1. c4 c5 2. g3 Nc6 3. Bg2 g6 4. Nc3 Bg7 5. Nf3 e6 6. e3 Nge7 7. d4 cxd4 8. Nxd4
Nxd4 9. exd4 d5 10. cxd5 Nxd5 11. O-O O-O 12. Re1 Nb4 13. Be3 Nc6 14. d5 exd5
15. Bxd5 Re8 16. Qb3 Be6 17. Rad1 Qe7 18. Bxe6 Qxe6 19. Qxe6 Rxe6 20. Nb5 Re7
21. b3 a6 22. Nd6 Nb4 23. Re2 b5 24. a3 Nc6 25. Rc2 Ne5 26. Rc8+ Rxc8 27. Nxc8
Re8 28. Nb6 Ng4 29. Bc5 Nf6 1/2-1/2

[Event "2. Bundesliga Ost 2014/2015"]
[Site "1020 Wien, Haus des Schachsports, Marathonweg 14"]
[Date "2014.10.19"]
[Round "2"]
[Board "4"]
[White "Druckenthaner, Andreas"]
[Black "Jacko, Vladimir"]
[Result "1/2-1/2"]
[WhiteElo "2321"]
[BlackElo "2269"]
[PlyCount "107"]
[EventDate "2014.10.18"]
[EventType "team"]
[EventRounds "11"]
[EventCountry "AUT"]
[WhiteTeam "SK Austria"]
[BlackTeam "ASVOE Pamhagen"]

1. e4 c5 2. Nf3 Nc6 3. Nc3 g6 4. g3 Bg7 5. Bg2 d6 6. O-O Nf6 7. a3 O-O 8. Rb1
Bd7 9. h3 Rc8 10. d3 e5 11. Nd2 Be6 12. Nc4 Qd7 13. Kh2 d5 14. exd5 Nxd5 15.
Ne4 b6 16. Ng5 Bf5 17. Ne3 Nxe3 18. Bxe3 f6 19. Ne4 Be6 20. f4 f5 21. Nc3 Rfe8
22. Qd2 Bf7 23. Rbe1 Nd4 24. Qf2 b5 25. Nd1 b4 26. c3 Nb3 27. axb4 Qxd3 28.
fxe5 Bxe5 29. bxc5 Nxc5 30. Bd4 Bd6 31. Rxe8+ Rxe8 32. Bxc5 Re2 33. Qxe2 Bxg3+
34. Kg1 Qxe2 35. Bxa7 Bc7 36. Bd4 f4 37. Bf3 Qc4 38. Nf2 Bd8 39. Ng4 Bd5 40.
Nh6+ Kf8 41. Bxd5 Qxd5 42. Rxf4+ Ke8 43. Ng4 Qb3 44. Rf2 Qd1+ 45. Rf1 Qd2 46.
b4 Bc7 47. b5 h5 48. b6 Bb8 49. Nf6+ Kd8 50. Rf3 Qc1+ 51. Kg2 Qg5+ 52. Kf1 Qc1+
53. Ke2 Qc2+ 54. Kf1 1/2-1/2

[Event "2. Bundesliga Ost 2014/2015"]
[Site "1020 Wien, Haus des Schachsports, Marathonweg 14"]
[Date "2014.10.19"]
[Round "2"]
[Board "5"]
[White "Alvir, Aco"]
[Black "Higatsberger, Michael"]
[Result "1-0"]
[WhiteElo "2343"]
[BlackElo "2137"]
[PlyCount "99"]
[EventDate "2014.10.18"]
[EventType "team"]
[EventRounds "11"]
[EventCountry "AUT"]
[WhiteTeam "ASVOE Pamhagen"]
[BlackTeam "SK Austria"]

1. e4 d5 2. exd5 Qxd5 3. Nc3 Qd8 4. d4 Nf6 5. Nf3 Bg4 6. h3 Bxf3 7. Qxf3 c6 8.
Be3 e6 9. O-O-O Bb4 10. Nb1 Nbd7 11. Bd3 O-O 12. c3 Bd6 13. Nd2 Nd5 14. Nc4 Bc7
15. Bd2 c5 16. dxc5 Nxc5 17. Bc2 Qf6 18. Qxf6 gxf6 19. g3 Rfd8 20. Bh6 b5 21.
Nd2 b4 22. c4 Nb6 23. Ne4 Nxe4 24. Bxe4 Rab8 25. b3 Nd7 26. Rd2 Nc5 27. Bc2
Rxd2 28. Kxd2 Rd8+ 29. Ke2 f5 30. Be3 Bb6 31. g4 Ne4 32. gxf5 exf5 33. Rg1+ Kf8
34. Bh6+ Ke7 35. Bxe4 fxe4 36. Rg5 Rd6 37. Rh5 Bd4 38. Rh4 f5 39. Bd2 a5 40.
Rxh7+ Ke8 41. Bf4 Rg6 42. Rh5 Rg1 43. Be3 Bxe3 44. Kxe3 Ra1 45. Rxf5 Rxa2 46.
Kxe4 Ra3 47. h4 Rxb3 48. Rxa5 Rh3 49. Rb5 Rxh4+ 50. f4 1-0

[Event "2. Bundesliga Ost 2014/2015"]
[Site "1020 Wien, Haus des Schachsports, Marathonweg 14"]
[Date "2014.10.19"]
[Round "2"]
[Board "6"]
[White "Rogetzer, Klaus"]
[Black "Hapala, Elisabeth"]
[Result "0-1"]
[WhiteElo "2111"]
[BlackElo "2077"]
[PlyCount "62"]
[EventDate "2014.10.18"]
[EventType "team"]
[EventRounds "11"]
[EventCountry "AUT"]
[WhiteTeam "SK Austria"]
[BlackTeam "ASVOE Pamhagen"]

1. d4 d5 2. c4 c6 3. Nf3 Nf6 4. Nc3 dxc4 5. a4 Bf5 6. e3 e6 7. Bxc4 Bb4 8. O-O
Nbd7 9. Qe2 O-O 10. e4 Bg6 11. e5 Nd5 12. Nxd5 cxd5 13. Bd3 Rc8 14. Bd2 Qa5 15.
Bxg6 fxg6 16. Bxb4 Qxb4 17. Qb5 Qxb5 18. axb5 Rc2 19. Rxa7 Rb8 20. Ng5 Nf8 21.
h4 Rxb2 22. Rc1 h6 23. Nh3 Rxb5 24. Rc7 Rb1+ 25. Kh2 Rb4 26. Ra3 Rxd4 27. Rf3
Rc4 28. Re7 d4 29. Nf4 b5 30. h5 Rc3 31. Nd3 g5 0-1

[Event "2. Bundesliga Ost 2014/2015"]
[Site "1020 Wien, Haus des Schachsports, Marathonweg 14"]
[Date "2014.11.15"]
[Round "3"]
[Board "1"]
[White "Pacher, Milan"]
[Black "Videki, Sandor"]
[Result "1-0"]
[WhiteElo "2431"]
[BlackElo "2380"]
[PlyCount "79"]
[EventDate "2014.10.18"]
[EventType "team"]
[EventRounds "11"]
[EventCountry "AUT"]
[WhiteTeam "SK Austria"]
[BlackTeam "SC Data Technology Pressbaum/E."]

1. e4 c6 2. d4 d5 3. Nc3 dxe4 4. Nxe4 Bf5 5. Ng3 Bg6 6. h4 h6 7. Nf3 Nd7 8. h5
Bh7 9. Bd3 Bxd3 10. Qxd3 e6 11. Bd2 Ngf6 12. O-O-O Qc7 13. Ne4 O-O-O 14. g3 Nc5
15. Nxc5 Bxc5 16. c4 Qe7 17. Kb1 Ng4 18. Qe2 Bd6 19. Ba5 Rd7 20. Ne5 Nxe5 21.
dxe5 Bc5 22. Rxd7 Qxd7 23. Rd1 Qe7 24. f4 b6 25. Bc3 Rd8 26. Kc2 Rxd1 27. Qxd1
Bb4 28. g4 Bxc3 29. Kxc3 Qc5 30. Qd4 Qa5+ 31. Kb3 c5 32. Qc3 Qa6 33. Qd3 Qb7
34. f5 Qc7 35. Qe4 Kb8 36. a3 Qd8 37. Ka2 Kc7 38. f6 gxf6 39. Qh7 Qe8 40. Qxh6
 1-0

[Event "2. Bundesliga Ost 2014/2015"]
[Site "1020 Wien, Haus des Schachsports, Marathonweg 14"]
[Date "2014.11.15"]
[Round "3"]
[Board "2"]
[White "Rumpl, Erwin"]
[Black "Hangweyrer, Manfred"]
[Result "1/2-1/2"]
[WhiteElo "2314"]
[BlackElo "2362"]
[PlyCount "36"]
[EventDate "2014.10.18"]
[EventType "team"]
[EventRounds "11"]
[EventCountry "AUT"]
[WhiteTeam "SC Data Technology Pressbaum/E."]
[BlackTeam "SK Austria"]

1. Nf3 Nf6 2. g3 d5 3. Bg2 c6 4. O-O g6 5. b3 Bg7 6. Bb2 O-O 7. c4 Bg4 8. d3
Nbd7 9. Nbd2 Re8 10. Ne5 Nxe5 11. Bxe5 Qd7 12. Nf3 Bh3 13. Qc2 Bxg2 14. Kxg2
Ng4 15. Bxg7 Kxg7 16. cxd5 cxd5 17. Rac1 Rac8 18. Qb2+ Nf6 1/2-1/2

[Event "2. Bundesliga Ost 2014/2015"]
[Site "1020 Wien, Haus des Schachsports, Marathonweg 14"]
[Date "2014.11.15"]
[Round "3"]
[Board "3"]
[White "Plachetka, Jan"]
[Black "Neumeier, Klaus"]
[Result "1-0"]
[WhiteElo "2363"]
[BlackElo "2268"]
[PlyCount "89"]
[EventDate "2014.10.18"]
[EventType "team"]
[EventRounds "11"]
[EventCountry "AUT"]
[WhiteTeam "SK Austria"]
[BlackTeam "SC Data Technology Pressbaum/E."]

1. c4 b6 2. e4 Bb7 3. Nc3 e6 4. Nge2 Nf6 5. d3 c5 6. Ng3 Nc6 7. Be2 d6 8. O-O
Nd4 9. Be3 Nxe2+ 10. Qxe2 h5 11. h3 h4 12. Nh1 Be7 13. Bg5 Nh5 14. Bxe7 Qxe7
15. Qe3 e5 16. Ne2 g5 17. f3 Nf4 18. Nf2 Bc8 19. a3 Be6 20. b4 a6 21. Rfb1 Qc7
22. Rb2 Ke7 23. Rab1 Rab8 24. Kh2 f6 25. Nd1 Bd7 26. Ndc3 Bc6 27. Nxf4 gxf4 28.
Qf2 Rb7 29. a4 Kf7 30. Nd5 Bxd5 31. exd5 Rbb8 32. bxc5 bxc5 33. Rxb8 Rxb8 34.
Rxb8 Qxb8 35. Qxh4 Qb1 36. Qh7+ Kf8 37. Qg6 Ke7 38. Qg7+ Ke8 39. Qxf6 Qxd3 40.
Qe6+ Kf8 41. Qxd6+ Kg8 42. Qxe5 Qxc4 43. d6 Qf7 44. Qxc5 Qg6 45. Qc4+ 1-0

[Event "2. Bundesliga Ost 2014/2015"]
[Site "1020 Wien, Haus des Schachsports, Marathonweg 14"]
[Date "2014.11.15"]
[Round "3"]
[Board "4"]
[White "Weissenbeck, Manuel"]
[Black "Druckenthaner, Andreas"]
[Result "0-1"]
[WhiteElo "2213"]
[BlackElo "2321"]
[PlyCount "54"]
[EventDate "2014.10.18"]
[EventType "team"]
[EventRounds "11"]
[EventCountry "AUT"]
[WhiteTeam "SC Data Technology Pressbaum/E."]
[BlackTeam "SK Austria"]

1. d4 g6 2. e4 Bg7 3. Bc4 d6 4. Nf3 Nf6 5. e5 dxe5 6. Nxe5 O-O 7. O-O Nbd7 8.
Nc3 c5 9. Nxd7 Nxd7 10. dxc5 Nxc5 11. Be3 Be6 12. Qe2 Bxc4 13. Qxc4 Ne6 14. Nd5
Re8 15. Rfd1 Qc8 16. Qb3 b6 17. a4 Nc5 18. Qa3 e6 19. Nc3 Qc6 20. Nb5 Red8 21.
Nd4 Qd5 22. b4 Ne4 23. Rd3 Qc4 24. Rad1 Bxd4 25. Bxd4 Qxc2 26. f3 e5 27. Bxe5
Qxd1+ 0-1